|
|
|
|
| LEADER |
00000cam a2200000 7i4500 |
| 001 |
0000003847 |
| 005 |
20110722.0 |
| 090 |
0 |
0 |
|a R THE 634.92
|b FIR 2010
|
| 100 |
0 |
0 |
|a Muhammad Firdaus bin Khadlan
|
| 245 |
0 |
0 |
|a Assesing damage on residual trees using current and extended directional felling technique
|c Muhammad Firdaus bin Khadlan
|
| 260 |
0 |
0 |
|a Serdang, Selangor :
|b Universiti Pertanian Malaysia ,
|c 2010
|
| 300 |
|
|
|a xii, 40 p. :
|b .ill ;
|c 30 cm.
|
| 500 |
0 |
0 |
|a Bibliography : p. 28
|
| 500 |
0 |
0 |
|a Thesis: Bac. of Forestry Science, Universiti Pertanian Malaysia (2010)
|
| 650 |
0 |
0 |
|a Selective management system
|
| 998 |
|
|
|a JPSM
|
| 999 |
|
|
|a 007661
|b Thesis
|c Reference
|e Default branch
|